书目信息 |
| 题名: |
标记化合物
|
|
| 作者: | 范国平 编著 | |
| 分册: | ||
| 出版信息: | 北京 原子能出版社 1979 |
|
| 页数: | 88页 | |
| 开本: | 19cm | |
| 丛书名: | ||
| 单 册: | ||
| 中图分类: | TL92 | |
| 科图分类: | ||
| 主题词: | 标记化合物 | |
| 电子资源: | ||
| ISBN: | ||
| 000 | 00550nam0 2200217 45 | |
| 001 | 0179005624 | |
| 005 | 20060909144306.65 | |
| 010 | @dCNY0.40 | |
| 091 | @a15175.152 | |
| 100 | @a19950728d1979 em y0chiy0121 ea | |
| 101 | 0 | @achi |
| 102 | @aCN@b110000 | |
| 105 | @ay z 000yy | |
| 200 | 10 | @a标记化合物@Abiao ji hua he wu@f范国平等编著 |
| 210 | @a北京@c原子能出版社@d1979 | |
| 215 | @a88页@d19cm | |
| 606 | @a标记化合物 | |
| 690 | @aTL92@v3 | |
| 701 | 0 | @a范国平@Afan guo ping@4编著 |
| 801 | 0 | @aCN@bTSSF@c20060909 |
| 905 | @a10447@dTL92@e31 | |
| 标记化合物/范国平等编著.-北京:原子能出版社,1979 |
| 88页;19cm |
| ISBN :CNY0.40 |
| ● |
| 相关链接 |
|
|
|
|
正题名:标记化合物
索取号:TL92/31
 
预约/预借
| 序号 | 登录号 | 条形码 | 馆藏地/架位号 | 状态 | 备注 |
| 1 | 0470484 | 204704846 | 密集书库/ [索取号:TL92/31] | 在馆 |